A practical treatise on the science of land and engineering surveying, levelling, estimating quantities, &c. with a general description of the several instruments required for surveying, levelling, plotting, &c. (Record no. 114502)
[ view plain ]
| 000 -LEADER | |
|---|---|
| fixed length control field | 00840cam a22001935a 4500 |
| 001 - CONTROL NUMBER | |
| control field | L156938 |
| 008 - FIXED-LENGTH DATA ELEMENTS--GENERAL INFORMATION | |
| fixed length control field | 120731s1875 xxk f 000 0 eng d |
| 035 ## - SYSTEM CONTROL NUMBER | |
| System control number | (Sirsi) u156938 |
| 041 0# - LANGUAGE CODE | |
| Language code of text/sound track or separate title | eng |
| 100 1# - MAIN ENTRY--PERSONAL NAME | |
| Personal name | Merrett, H. S. |
| 245 02 - TITLE STATEMENT | |
| Title | A practical treatise on the science of land and engineering surveying, levelling, estimating quantities, &c. with a general description of the several instruments required for surveying, levelling, plotting, &c. |
| 260 ## - PUBLICATION, DISTRIBUTION, ETC. | |
| Place of publication, distribution, etc. | London |
| Name of publisher, distributor, etc. | E. & F. N. Spon |
| Date of publication, distribution, etc. | 1975 |
| 300 ## - PHYSICAL DESCRIPTION | |
| Extent | viii, 317 p., 41 plates (17 folded) |
| Other physical details | ill. |
| Dimensions | 26 cm. |
| 520 ## - SUMMARY, ETC. | |
| Summary, etc. | The words "Henry J. Snell, Architect, Plymouth" are inscribed in brown ink on the top right corner of the title page. |
| 583 ## - ACTION NOTE | |
| Action | Condition reviewed |
| Time/date of action | 20120620 |
| Status | condition level 1 |
| 651 #4 - SUBJECT ADDED ENTRY--GEOGRAPHIC NAME | |
| Geographic name | Great Britain |
| Chronological subdivision | 1707- |
| 690 ## - LOCAL SUBJECT ADDED ENTRY--TOPICAL TERM (OCLC, RLIN) | |
| Topical term or geographic name as entry element | Measurement |
| 9 (RLIN) | 6256 |
| 942 ## - ADDED ENTRY ELEMENTS (KOHA) | |
| Suppress in OPAC | 0 |
| Withdrawn status | Lost status | Damaged status | Not for loan | Home library | Current library | Shelving location | Date acquired | Total Checkouts | Full call number | Barcode | Date last seen | Copy number | Price effective from | Koha item type |
|---|---|---|---|---|---|---|---|---|---|---|---|---|---|---|
| Historic collection | Historic collection | Historic collection | 31/07/2012 | INFRASTRUCTURE OCTAVO 1875 MERRETT | 30077094 | 27/08/2025 | 1 | 06/08/2019 | Book |